| 000 | 01179nam a2200289 a 4500 | ||
|---|---|---|---|
| 003 | DO-SdBNP | ||
| 005 | 20260321073646.0 | ||
| 007 | ta | ||
| 008 | 190726s1987 dr 000 0 spa d | ||
| 040 |
_aDO-SdBNP _bspa _cBNPHU _erda |
||
| 082 | 4 |
_a364.1323 _bB742f, 1987 _222 |
|
| 100 | 1 |
_a Bosch, Juan, _d1909-2001 _eautor _976555 |
|
| 245 | 1 | 3 |
_aLa fortuna de Trujillo / _cJuan Bosch. |
| 250 | _aSegunda edición | ||
| 264 |
_aSanto Domingo, República Dominicana : _bEditora Alfa y Omega, _c1987 |
||
| 300 |
_a117 páginas _c23 cm. |
||
| 336 |
_2rdacontent _atexto _btxt |
||
| 337 |
_2rdamedia _asin mediación _bn |
||
| 338 |
_2rdacarrier _avolumen _bnc |
||
| 505 | 0 |
_aPalabras de introducción -- _tDel libro Trujillo, causas de una tiranía sin ejemplo -- _tLa fortuna de Trujillo -- _tLos negocios de Trujillo |
|
| 590 | _aInventariado, 2024 /LP | ||
| 600 | 1 | 4 |
_aTrujillo Molina, Rafael Leónidas, _d1891-1961 _xFinanzas personales _954397 |
| 650 | 4 |
_aCorrupción política _zRepública Dominicana _xHistoria _ySiglo XX _954398 |
|
| 651 | 4 |
_aRepública Dominicana _xPolítica y gobierno _y1930 - 1961 _9479 |
|
| 910 | _aValidado. Control de calidad MFF | ||
| 942 |
_2ddc _cLBS1 |
||
| 999 |
_c56563 _d56563 |
||